[Event "Wch Blitz"]
[Site "Samarkand"]
[Date "2023.12.30"]
[Round "13"]
[White "Chigaev, Maksim"]
[Black "Begmuratov, Khumoyun"]
[Result "1-0"]
[WhiteElo "2621"]
[BlackElo "2371"]
[PlyCount "81"]
[EventDate "2023.12.29"]
[EventType "swiss (blitz)"]
[EventRounds "21"]
[EventCountry "UZB"]
[SourceTitle "CB01_2024"]
[SourceDate "2024.01.03"]
[SourceVersion "1"]
[SourceVersionDate "2024.01.03"]
[SourceQuality "1"]

1. Nf3 Nf6 2. c4 e6 3. g3 b6 4. Bg2 Bb7 5. 0-0 c6 6. d3 d5 7. Qc2 Be7 8. e4 0-0 9. b3 c5 10. exd5 exd5 11. Nc3 d4 12. Ne2 Nc6 13. a3 a5 14. Bg5 Re8 15. Nf4 Nd7 16. Bxe7 Nxe7 17. Rfe1 Nf6 18. Qd2 Qc7 19. Re2 Ng6 20. Nxg6 hxg6 21. Rae1 Bc6 22. Ng5 Bxg2 23. Kxg2 Qc6+ 24. f3 Rxe2+ 25. Rxe2 Re8 26. Kf2 Kf8 27. Qf4 Rxe2+ 28. Kxe2 Qe8+ 29. Kd2 Kg8 30. a4 Kf8 31. Qd6+ Kg8 32. Ne4 Nxe4+ 33. fxe4 Qc8 34. Qxb6 Qh3 35. Qd8+ Kh7 36. Qh4+ Qxh4 37. gxh4 Kh6 38. b4 cxb4 39. c5 b3 40. c6 b2 41. Kc2 1-0

[Event "Qatar Masters op"]
[Site "Doha"]
[Date "2023.10.18"]
[Round "7"]
[White "Sandipan, Chanda"]
[Black "Begmuratov, Khumoyun"]
[Result "1-0"]
[WhiteElo "2496"]
[BlackElo "2374"]
[PlyCount "118"]
[EventDate "2023.10.11"]
[EventType "swiss"]
[EventRounds "9"]
[EventCountry "QAT"]
[SourceTitle "Mega2024 Update 01"]
[Source "Chessbase"]
[SourceDate "2023.11.12"]
[SourceVersion "1"]
[SourceVersionDate "2023.11.12"]
[SourceQuality "1"]

1. d4 Nf6 2. c4 e6 3. Nc3 Bb4 4. e3 0-0 5. Bd2 b6 6. Nf3 c5 7. Bd3 Ba6 8. a3 Bxc3 9. Bxc3 d5 10. dxc5 dxc4 11. Bc2 Nd5 12. cxb6 axb6 13. Qd4 Nxc3 14. bxc3 Qxd4 15. Nxd4 Bb7 16. 0-0 Nd7 17. Rfb1 Ra5 18. Rb4 Rfa8 19. a4 Rg5 20. f3 Rc5 21. Rd1 Rd8 22. Nb5 Ba6 23. Na3 Rd5 24. Rxd5 exd5 25. Bf5 Bc8 26. e4 Nf6 27. Rxb6 Bxf5 28. exf5 Kf8 29. a5 d4 30. cxd4 c3 31. a6 Ra8 32. Rc6 Nd5 33. Nb5 Ne7 34. Rxc3 Rxa6 35. g4 f6 36. Rc5 Ra1+ 37. Kf2 Ra2+ 38. Ke3 Ke8 39. d5 Kd8 40. h4 Ra5 41. d6 Nc8 42. Kd4 Nb6 43. Nc3 Ra7 44. Rc6 Nd7 45. f4 Ra1 46. Kd5 h5 47. gxh5 Ke8 48. Rc8+ Kf7 49. Kc6 Nf8 50. d7 Nxd7 51. Kxd7 Ra5 52. Ne4 Ra7+ 53. Rc7 Ra5 54. Nd6+ Kg8 55. Rc8+ Kh7 56. Nf7 Ra7+ 57. Ke6 Ra6+ 58. Kd5 Ra5+ 59. Ke4 Ra4+ 1-0

[Event "World ol U16"]
[Site "Eindhoven"]
[Date "2023.08.16"]
[Round "6.4"]
[White "Begmuratov, Khumoyun"]
[Black "Aswath, S."]
[Result "1/2-1/2"]
[WhiteElo "2374"]
[BlackElo "2335"]
[PlyCount "80"]
[EventDate "2023.08.13"]
[EventType "team-swiss"]
[EventRounds "9"]
[EventCountry "NED"]
[SourceTitle "CBM 215 Extra"]
[Source "ChessBase"]
[SourceDate "2023.09.30"]
[SourceVersion "1"]
[SourceVersionDate "2023.09.30"]
[SourceQuality "1"]
[WhiteTeam "Uzbekistan"]
[BlackTeam "India"]
[WhiteTeamCountry "UZB"]
[BlackTeamCountry "IND"]

1. e4 g6 2. d4 Bg7 3. Nc3 d6 4. f4 a6 5. Nf3 b5 6. Bd3 Nd7 7. Ne2 c5 8. c3 Bb7 9. 0-0 Ngf6 10. Ng3 0-0 11. h3 cxd4 12. cxd4 Qb6 13. Kh2 Rac8 14. Qe2 e6 15. a4 Nb8 16. Bd2 Nc6 17. axb5 axb5 18. Be3 Nb4 19. d5 Qc7 20. dxe6 fxe6 21. Rfc1 Qe7 22. Bxb5 Nxe4 23. Nxe4 Bxe4 24. Ra7 Qf6 25. Rxc8 Rxc8 26. Bd2 Bd5 27. Bc3 Rxc3 28. bxc3 Qxf4+ 29. g3 Qf5 30. Nd4 Bxd4 31. cxd4 Nc2 32. Bd3 Nxd4 33. Bxf5 Nxe2 34. Bg4 Nd4 35. Rd7 h5 36. Bd1 Nb5 37. Ba4 Nd4 38. Bd1 Nb5 39. Bc2 Nd4 40. Bd1 Nb5 1/2-1/2

[Event "Astana Zhuldyzdary op-A"]
[Site "Astana"]
[Date "2023.07.13"]
[Round "4"]
[White "Kovalev, Vladislav"]
[Black "Begmuratov, Khumoyun"]
[Result "1-0"]
[WhiteElo "2603"]
[BlackElo "2391"]
[PlyCount "143"]
[EventDate "2023.07.11"]
[EventType "swiss"]
[EventRounds "10"]
[EventCountry "KAZ"]
[SourceTitle "CBM 215 Extra"]
[Source "ChessBase"]
[SourceDate "2023.09.30"]
[SourceVersion "1"]
[SourceVersionDate "2023.09.30"]
[SourceQuality "1"]

1. e4 e5 2. Nf3 Nc6 3. Bb5 Nf6 4. 0-0 Nxe4 5. Re1 Nd6 6. Nxe5 Be7 7. Bf1 Nxe5 8. Rxe5 0-0 9. d4 Bf6 10. Re1 Re8 11. Bf4 Rxe1 12. Qxe1 Ne8 13. Qc3 d5 14. Nd2 c6 15. a4 Nc7 16. Nf3 Ne6 17. Be5 Bxe5 18. Nxe5 f6 19. Nd3 a5 20. Re1 Qd6 21. Nc5 b6 22. Nxe6 Bxe6 23. Qb3 Rb8 24. Bd3 Bf7 25. c3 g6 26. g3 Kg7 27. h4 Qc7 28. Qd1 Re8 29. Rxe8 Bxe8 30. Qg4 Bd7 31. Qf3 h5 32. Qe2 Qd6 33. Qc2 Qe7 34. Qb1 Be8 35. b4 Qc7 36. Qb2 Bd7 37. bxa5 bxa5 38. Qa3 Bf5 39. Bxf5 gxf5 40. Qc5 f4 41. Kg2 fxg3 42. fxg3 Kg6 43. c4 Qd7 44. Qxa5 dxc4 45. Qc5 Qe6 46. Kf3 Qg4+ 47. Kf2 Qe6 48. a5 Kh6 49. a6 c3 50. a7 Qa2+ 51. Kf3 c2 52. Qxc6 Qa3+ 53. Ke2 c1N+ 54. Kd1 Qxa7 55. Qxf6+ Kh7 56. Qf5+ Kg7 57. Qe5+ Kg8 58. Kxc1 Qa3+ 59. Kd2 Qb2+ 60. Ke3 Qc1+ 61. Ke4 Qh1+ 62. Kf5 Qf3+ 63. Kg6 Qg4+ 64. Kh6 Qd7 65. Kxh5 Qf7+ 66. Kg5 Qd7 67. h5 Qd8+ 68. Kg4 Qd7+ 69. Kf4 Qf7+ 70. Kg5 Qd7 71. h6 Qd8+ 72. Kh5 1-0

[Event "Astana Zhuldyzdary op-A"]
[Site "Astana"]
[Date "2023.07.12"]
[Round "2"]
[White "Petrosyan, Manuel"]
[Black "Begmuratov, Khumoyun"]
[Result "1/2-1/2"]
[WhiteElo "2627"]
[BlackElo "2391"]
[PlyCount "205"]
[EventDate "2023.07.11"]
[EventType "swiss"]
[EventRounds "10"]
[EventCountry "KAZ"]
[SourceTitle "CBM 215 Extra"]
[Source "ChessBase"]
[SourceDate "2023.09.30"]
[SourceVersion "1"]
[SourceVersionDate "2023.09.30"]
[SourceQuality "1"]

1. d4 Nf6 2. c4 e6 3. Nf3 b6 4. g3 Bb7 5. Bg2 Be7 6. 0-0 0-0 7. Qc2 Be4 8. Qa4 c5 9. Nc3 Bc6 10. Qd1 cxd4 11. Qxd4 Na6 12. Rd1 Qc8 13. Bf4 Qb7 14. Bd6 Bxd6 15. Qxd6 Nc5 16. Ne1 Rac8 17. Rd4 Rfe8 18. Rad1 e5 19. Rh4 Bxg2 20. Nxg2 Rc6 21. Qd2 Ne6 22. Ne3 Nd4 23. Nb5 Nxb5 24. cxb5 Rce6 25. Nd5 Nxd5 26. Qxd5 Qxd5 27. Rxd5 d6 28. Ra4 R8e7 29. Rc4 Kf8 30. Rc8+ Re8 31. Rc6 Rd8 32. e4 Ke8 33. Rd3 g6 34. g4 h5 35. gxh5 gxh5 36. Kf1 Rg6 37. Rc7 d5 38. exd5 Rgd6 39. Rxa7 Rxd5 40. Rf3 R8d7 41. Rxd7 Kxd7 42. Rxf7+ Ke6 43. Rh7 Rxb5 44. b3 Ra5 45. Rxh5 Rxa2 46. Rh6+ Kf5 47. Kg2 b5 48. Rb6 Ra8 49. Rxb5 Rg8+ 50. Kf1 Rh8 51. Rd5 Rh3 52. b4 Rxh2 53. Ke2 Rh4 54. Rb5 Re4+ 55. Kd3 Rd4+ 56. Ke2 Re4+ 57. Kf1 Ke6 58. Kg2 Rc4 59. Rb8 Kd6 60. b5 Kc7 61. Re8 Rc5 62. Re7+ Kd8 63. Rb7 Kc8 64. Rf7 Rxb5 65. Kf3 Kd8 66. Ke4 Ke8 67. Rf5 Rb2 68. Kxe5 Re2+ 69. Kf6 Kf8 70. Kg6+ Kg8 71. f4 Re6+ 72. Rf6 Re7 73. Ra6 Rg7+ 74. Kf6 Rf7+ 75. Kg5 Rg7+ 76. Kf5 Rf7+ 77. Kg4 Kg7 78. Kg5 Rb7 79. f5 Rc7 80. Rg6+ Kf7 81. Rh6 Kg7 82. f6+ Kg8 83. Kg6 Rg7+ 84. Kf5 Ra7 85. Rg6+ Kf8 86. Rg1 Ra2 87. Kg6 Rf2 88. Rg4 Rf1 89. Rg2 Re1 90. Rg5 Rf1 91. Re5 Rf2 92. Re1 Ra2 93. Re3 Rf2 94. Re5 Rf1 95. Rd5 Rg1+ 96. Kf5 Rf1+ 97. Ke6 Re1+ 98. Re5 Rxe5+ 99. Kxe5 Kf7 100. Kf5 Kf8 101. Kg6 Kg8 102. f7+ Kf8 103. Kf6 1/2-1/2

[Event "Sharjah Challengers 6th"]
[Site "Sharjah"]
[Date "2023.05.19"]
[Round "3"]
[White "Sivuk, Vitaly"]
[Black "Begmuratov, Khumoyun"]
[Result "1-0"]
[WhiteElo "2489"]
[BlackElo "2387"]
[PlyCount "133"]
[EventDate "2023.05.17"]
[EventType "swiss"]
[EventRounds "9"]
[EventCountry "UAE"]
[SourceTitle "CBM 214 Extra"]
[Source "ChessBase"]
[SourceDate "2023.07.31"]
[SourceVersion "1"]
[SourceVersionDate "2023.07.31"]
[SourceQuality "1"]

1. Nf3 Nf6 2. c4 e6 3. Nc3 d5 4. d4 Be7 5. Bf4 c6 6. e3 0-0 7. h3 Nbd7 8. Qc2 a6 9. cxd5 exd5 10. Bd3 c5 11. dxc5 Nxc5 12. 0-0 Be6 13. Be5 h6 14. Rfd1 Ncd7 15. Bd4 Rc8 16. Rac1 Re8 17. Qb1 Bc5 18. Bc2 Qe7 19. a3 Red8 20. Bb3 Bxd4 21. Rxd4 Nc5 22. Bc2 b5 23. Rcd1 Rd7 24. Nd2 Rdc7 25. Nf1 Ncd7 26. Bb3 Nb6 27. Ng3 Nc4 28. Nge2 Rc5 29. Bxc4 dxc4 30. Nf4 R5c6 31. e4 Re8 32. e5 Nh7 33. Qe4 Rc5 34. Nxe6 Qxe6 35. f4 a5 36. Rd6 Qe7 37. Rd7 Qf8 38. Qb7 Rb8 39. Qxb8 Qxb8 40. Rd8+ Qxd8 41. Rxd8+ Nf8 42. Rb8 b4 43. axb4 axb4 44. Rxb4 Ne6 45. Rb8+ Kh7 46. g3 Ra5 47. Kf2 Ra1 48. Rc8 Rh1 49. Rxc4 Rh2+ 50. Ke3 Rxh3 51. Ne2 g5 52. Kf3 gxf4 53. Nxf4 Rh2 54. Nxe6 fxe6 55. b4 Rb2 56. Ke4 Kg6 57. Kd4 Kf5 58. Kc5 Kxe5 59. b5 Kf5 60. b6 e5 61. Rb4 Rc2+ 62. Kd6 e4 63. b7 e3 64. b8Q Rd2+ 65. Ke7 Rf2 66. Rf4+ Kg5 67. Qg8+ 1-0